1217 1557 1642 1931 1547 1689 1160 1431 1558 1651 1247 1077 1104 1712 1815 1261 1867 1003 1473 1615 1679 1245 1088 1449 1396 1273 1657 1654 1448 1435 1955 1294 1514 1330 1232 1006 1247 1751 1929 1983 1299 1969 1607 1717 1989 1316 1849 1765 1910 1350 1039 1053 1609 1623 1003 1862 1861 1258 1453 1522 1127 1384 1449 1339 1244 1500 1046 1570 1358 1192 1798 1664 1884 1125 1898 1778 1486 1001 1311 1294 1030 1839 1348 1732 1602 1066 1978 1058 1653 1197 1832 1576 1136 1252 1919 1003 1340 1026 1251 BCNSPRNW ULIB Ver.6.0+V

เปลี่ยนเป็นภาษาไทย

Change to English
 แสดงรายละเอียดบรรณานุกรม
  กลับหน้าหลัก

Brief Record : Get Marc (ISO 2709) : E-mail record : QR code < ปิดหน้าต่าง
LEADER : 00000nam 2200000uu 4500
001    13399107930
003     ULIB
008    110210s2550||||th 000 0 tha d
020    9746453866(ล.2)
060  4 WY157^bส627ก ล.2 2550
110 1  มหาวิทยาลัยสุโขทัยธรรมาธิราช^bสาขาวิชาพยาบาลศาสตร์
245 00 เอกสารการสอนชุดวิชาการพยาบาลครอบครัวและการผดุงครรภ์ หน่วยที่7-10=^bNursing care of the family and midwifery/^cศรีนวล โอสถเสถียรและคณะ
246 0  Nursing care of the family and midwifery
250    พิมพ์ครั้งที่ 5
260    นนทบุรี:^bศูนย์หนังสือมหาวิทยาลัยสุโขทัยธรรมาธิราช,^c2550
300    296 หน้า
650  7 การพยาบาลครอบครัว
650  7 การพยาบาลผดุงครรภ์
650  7 การพยาบาลสูติศาสตร์
650  7 ภาวะแทรกซ้อนขณะตั้งครรภ์
700 0  กรองกาญจน์ ศิริภักดี,^eบรรณาธิการ
710 1  มหาวิทยาลัยสุโขทัยธรรมาธิราช^bสาขาวิชาพยาบาลศาสตร์
945    ^p198^l0^i022226
945    ^p198^l0^i022225
945    ^p198^l0^i022224
945    ^p198^l0^i022227
995    ทศพร
999 ^a ใช้งานได้ทุกระบบ
รายการนี้ยังไม่มีแท็ก
คุณยังไม่ได้ล็อกอิน คุณสามารถมีกิจกรรมร่วมกับเว็บไซต์ได้ แต่ต้องล็อกอินก่อน ::
  ล็อกอิน

รายการสื่อสารสนเทศ

ลำดับที่ ประเภท เลขเรียก/บาร์โค้ด สถานที่ สถานะ
- ไม่พบข้อมูล -

รายการใกล้เคียง
    หัวเรื่อง [การพยาบาลครอบครัว]
    หัวเรื่อง [การพยาบาลผดุงครรภ์]
    หัวเรื่อง [การพยาบาลสูติศาสตร์]
    หัวเรื่อง [ภาวะแทรกซ้อนขณะตั้งครรภ์]

BibComment


ยังไม่เคยถูกคอมเมนท์

คอมเมนท์ทรัพยากรรายการนี้
  คอมเมนท์: เอกสารการสอนชุดวิ..


 Copyright 2026. Bcnsprnw @Library